| 000 | 00387nam a2200121 a 4500 | ||
|---|---|---|---|
| 082 |
_a940.40954 _bTHA |
||
| 100 | 1 |
_aThatcher, W.S _950045 |
|
| 245 | 1 |
_aThe fourth battalion duke of cannought's own tenth Baluch Regiment in the great war _cThatcher, W.S |
|
| 260 |
_aCambrodge : _bLewis, _c1932. |
||
| 300 | _a290 p. : ill. | ||
| 526 |
_a0 _b0 _c0 _d940_409540000000000_THA |
||
| 942 |
_2ddc _cBK |
||
| 999 |
_c552777 _d552777 |
||